000 00465nam a2200181Ia 4500
001 12997
005 20260306163021.0
008 260306t2016||||xx |||||||||||||| ||spa||
041 _aESP
082 _aRD 616.803
_bC24
100 _aCampbell, William W.
_eAUT
245 0 _aDiccionario de signos y síntomas en neurología clínica
260 _c2016
300 _axvi, 393 páginas :
_c20 cm.
650 _aGEN
654 _aCPS
942 _cDIC
_dJUS
_fJUS
_2ddc
_n
999 _c12997
_d12997